[Event "FIDE Grand Prix Riga 2019"]
[Site "Riga"]
[Date "13.07.2019"]
[Round "1B"]
[White "Giri, Anish"]
[Black "Karjakin, Sergey"]
[Result "1/2-1/2"]
[WhiteTitle "GM"]
[BlackTitle "GM"]
[WhiteElo "2779"]
[BlackElo "2748"]
[WhiteFideId "24116068"]
[BlackFideId "14109603"]
[EventDate "2019.07.12"]

1. c4 Nf6 2. g3 e6 3. Bg2 d5 4. d4 Bb4+ 5. Nd2 O-O 6. Nf3 b6 7. O-O Bb7 8. b3 c5
9. Bb2 Nc6 10. cxd5 exd5 11. a3 Bxd2 12. Nxd2 Nxd4 13. Bxd4 cxd4 14. Nf3 Qe7 15.
Nxd4 Ne4 16. e3 Rac8 17. Qg4 Rc3 18. b4 g6 19. h4 a5 20. Bxe4 dxe4 21. bxa5 bxa5
22. Rfc1 Rxc1+ 23. Rxc1 Qxa3 24. Rc7 Qa1+ 25. Kh2 h5 26. Qf4 Bc8 27. Nc6 Kg7 28.
Qxe4 Bf5 29. Qf4 Rc8 30. Rxc8 1/2-1/2

[Event "FIDE Grand Prix Riga 2019"]
[Site "Riga"]
[Date "14.07.2019"]
[Round "1G"]
[White "Aronian, Levon"]
[Black "Yu, Yangyi"]
[Result "1-0"]
[WhiteTitle "GM"]
[BlackTitle "GM"]
[WhiteElo "2756"]
[BlackElo "2736"]
[WhiteFideId "13300474"]
[BlackFideId "8603820"]
[EventDate "2019.07.12"]

1. c4 c6 2. Nf3 d5 3. e3 Nf6 4. d4 g6 5. Nc3 Bg7 6. Be2 O-O 7. O-O a6 8. a4 a5
9. cxd5 cxd5 10. Bd2 Nc6 11. Qb3 Bf5 12. Rfc1 Qd7 13. Ne5 Nxe5 14. dxe5 Ne4 15.
Nxe4 dxe4 16. Bc3 Be6 17. Bc4 Bxc4 18. Qxc4 Qf5 19. Qb5 Rfc8 20. Rd1 Rc7 21. Rd5
h5 22. Rad1 Rac8 23. Qxa5 Kh7 24. h3 Qe6 25. Qb4 Rc4 26. Qxb7 Rxa4 27. Rd7 Re8
28. R7d4 Ra2 29. Rxe4 Rea8 30. Qd7 Ra1 31. Rd4 Qxe5 32. Rd2 Qc5 33. Bxg7 Kxg7
34. Qd4+ Qxd4 35. exd4 R1a4 36. b3 Rb4 37. Rb1 Rd8 38. Kf1 Rd5 39. Ke2 h4 40.
Kd1 Rdxd4 41. Rxd4 Rxd4+ 42. Kc2 Rf4 43. f3 Rb4 44. Kc3 Rb8 45. b4 Kf6 46. b5
Ke5 47. Kb4 Kf4 48. Rb2 e5 49. Kc5 f5 50. b6 e4 51. fxe4 Kxe4 52. b7 g5 53. Kc6
Kf4 54. Rb3 g4 55. Kc7 Rh8 56. b8=Q Rxb8 57. Kxb8 1-0